Štatistika Štatistické metódy v programovom systéme STATGRAPHICS

Salvato in:
Dettagli Bibliografici
Autore principale: Chajdiak, Jozef
Ente Autore: Ekonomická univerzita v Bratislave. Fakulta hospodárskej informatiky
Natura: Libro
Lingua:slovacco
Pubblicazione: Bratislava Ekonomická univerzita 1995
Edizione:2. preprac. a dopln. vyd.
Soggetti:
Tags: Aggiungi Tag
Nessun Tag, puoi essere il primo ad aggiungerne!!

MARC

LEADER 00000nam a2200000 4500
001 c009643
005 20221214072126.4
020 |a 80-225-0600-1 
041 0 |a slo 
044 |a SK 
245 1 0 |a Štatistika  |b Štatistické metódy v programovom systéme STATGRAPHICS  |c Jozef Chajdiak a kol. 
250 |a 2. preprac. a dopln. vyd. 
264 1 |a Bratislava  |b Ekonomická univerzita  |c 1995 
300 |a 156 s. 
610 2 0 |a metódy štatistické 
610 2 0 |a softvér 
610 2 0 |a programy počítačové 
100 1 |a Chajdiak, Jozef 
710 2 |a Ekonomická univerzita v Bratislave. Fakulta hospodárskej informatiky